| 000 | 00759pam a2200265 i 4500 | ||
|---|---|---|---|
| 001 | 2737008 | ||
| 003 | MUT | ||
| 005 | 20240606081436.0 | ||
| 008 | 780801s1979 nyua b 001 0 eng | ||
| 010 | _a 78013107 | ||
| 020 |
_a0394322185 _cMUT |
||
| 040 |
_aDLC _cMUT _dDLC |
||
| 050 | 0 | 0 |
_aGN315 _b.B57 1979 |
| 082 | 0 | 0 | _a301.2 |
| 100 | 1 | _aBock, Philip K. | |
| 245 | 1 | 0 |
_aModern cultural anthropology : _ban introduction / |
| 250 | _a3d ed. | ||
| 260 |
_aNew York : _bKnopf : distributed by Random House, _cc1979. |
||
| 300 |
_axiv, 363 p. : _bill. ; _c24 cm. |
||
| 500 | _aIncludes index. | ||
| 504 | _aBibliography: p. 339-350. | ||
| 650 | 0 | _aEthnology. | |
| 906 |
_a7 _bcbc _corignew _d1 _eocip _f19 _gy-gencatlg |
||
| 942 |
_2lcc _cBK |
||
| 999 |
_c18333 _d18333 |
||